| 000 | 00528nam a22001817a 4500 | ||
|---|---|---|---|
| 999 |
_c524864 _d524864 |
||
| 003 | NUST | ||
| 038 | _aFaiza | ||
| 082 |
_a891.423 _bHUS |
||
| 100 |
_aHussain, Khalid _915161 |
||
| 245 |
_aBaldi Baraf da Saik / _cKhalid Hussain |
||
| 260 |
_aIndia : _bZakir Publications, _c2005. |
||
| 300 | _a270 p. ; | ||
| 500 | _aHardcover. | ||
| 880 |
_6100-01\r _aخالد حُسین |
||
| 880 |
_6245-02\r _aبلدی برف دا سیک / |
||
| 880 |
_6260-03\r _aانڈیا : _bذاکر پبلیکیشنز, _c۲۰۰۵. |
||
| 942 |
_2ddc _cBK |
||